000 00314nam a2200145Ia 4500
100 _aSwan tom
942 _cBK
654 _apascal 4.0
245 _aMastering turbo pascal 4.0
260 _bHayden Book Company
_aIndiana
_c1988
082 _a001.6424T
_bSWA
300 _a774
546 _aENGLISH
999 _c28741
_d28741